Statistics for U.S. States and Territories 1864 (With a Map)

Click here to take the quiz!

General Stats

  • This quiz has been taken 275 times
  • The average score is 42 of 45

Answers on the Map

Answers color-coded by a green-red scale on the quiz's map according to % correct below.
 

Answer Stats

Answers% Correct
Confederated StatesTexas
97%
StatesCalifornia
96%
Confederated StatesFlorida
96%
Confederated StatesAlabama
95%
TerritoriesDakota
95%
TerritoriesNew Mexico
95%
StatesOregon
95%
TerritoriesArizona
94%
Confederated StatesGeorgia
94%
StatesIndiana
94%
Confederated StatesLouisiana
94%
StatesMaine
94%
StatesMichigan
94%
StatesNevada
94%
StatesNew York
94%
StatesOhio
94%
Confederated StatesVirginia
94%
TerritoriesWashington
94%
TerritoriesIdaho
93%
StatesIllinois
93%
StatesKansas
93%
StatesMaryland
93%
StatesMassachusetts
93%
Confederated StatesMississippi
93%
TerritoriesMontana
93%
Confederated StatesNorth Carolina
93%
Confederated StatesSouth Carolina
93%
TerritoriesUtah
93%
StatesDelaware
92%
StatesKentucky
92%
StatesMissouri
92%
TerritoriesNebraska
92%
StatesNew Hampshire
92%
StatesNew Jersey
92%
StatesPennsylvania
92%
StatesRhode Island
92%
Confederated StatesTennessee
92%
StatesVermont
92%
StatesWest Virginia
92%
StatesWisconsin
92%
Confederated StatesArkansas
91%
StatesConnecticut
91%
StatesIowa
91%
StatesMinnesota
91%
TerritoriesColorado
90%

Score Distribution

Percentile by Number Answered

Percent of People with Each Score

Your Score History

You have not taken this quiz